| 000 | 00484nam a22001697a 4500 | ||
|---|---|---|---|
| 999 |
_c17148 _d17148 |
||
| 008 | 180904b xxu||||| |||| 00| 0 eng d | ||
| 020 | _a0415226015 | ||
| 040 |
_aKABu _cKABU |
||
| 050 |
_aTD193 _b.W75 2003 c. 1 |
||
| 100 | _aWright, John | ||
| 245 |
_aEnvironmental chemistry _cJohn Wright |
||
| 246 | _aRoutledge introductions to environment | ||
| 260 |
_aLondon _bRoutledge _c2003 |
||
| 300 | _axii, 419 p. | ||
| 650 | _aEnvironmental chemistry | ||
| 942 |
_2lcc _cBK _hTD193 |
||